000 00428nam a2200181Ia 4500
001 3332
005 20260306145635.0
008 260306t2013||||xx |||||||||||||| ||spa||
041 _aESP
082 _a270
_bC28 V. 6
100 _aCarroll, Warren H.
_eAUT
245 4 _aThe crisis of christendom
260 _c2013
300 _axviii, 895 páginas :
_c23 cm.
650 _aGEN
654 _aCHU
942 _cLIB
_dJUS
_fJUS
_2ddc
_n
999 _c3332
_d3332